| 000 | 00474nam a2200157 a 4500 | ||
|---|---|---|---|
| 001 | 7040 | ||
| 005 | 20180713190928.0 | ||
| 008 | 140415s1989 mx 000 0 spa d | ||
| 041 | _aspa | ||
| 100 | 1 | _aAzar, Héctor,. | |
| 245 | 1 | 0 |
_aLOPE DE VEGA Y RUIZ DE ALARCON : _bAPROXIMACIONES A UN CONFLICTO FRECUENTE ENTRE LA GENTE DE TEATRO |
| 250 | _a1a ed. | ||
| 260 |
_aMEXICO : _bGRUPO EDITORIAL PATRIA, _c1989 |
||
| 300 | _a87 | ||
| 650 | 1 | 4 | _aLITERATURA ESPAOLA |
| 999 |
_c7040 _d7040 |
||